Normal view
MARC view
Entry Personal Name
001 - CONTROL NUMBER
- control field: 69145
003 - CONTROL NUMBER IDENTIFIER
- control field: OSt
005 - DATE AND TIME OF LATEST TRANSACTION
- control field: 20170919124027.0
008 - FIXED-LENGTH DATA ELEMENTS
- fixed length control field: 170919|| aca||aabn | a|a d
040 ## - CATALOGING SOURCE
- Original cataloging agency: OSt
- Transcribing agency: OSt
100 ## - HEADING--PERSONAL NAME
- Personal name: कुमार,वंसत
670 ## - SOURCE DATA FOUND
- Source citation: Work cat.: (OSt)18664: कुमार,वंसत , बंजर भूमि का विकास कैसे करें , 2002









